[Event "Junior Online 4NCL Division 4"]
[Site "online"]
[Date "2022.02.03"]
[EventDate "2022.02.03"]
[Round "2.15"]
[White "Stapleton, Dean"]
[WhiteElo "1256"]
[WhiteTeam "Robin Hoods 2"]
[Black "Tripathi, Advait"]
[BlackElo "973"]
[BlackTeam "Watford C"]
[Result "0-1"]
[PlyCount "114"]

1. e4 c5 2. Nf3 e6 3. d4 cxd4 4. Nxd4 a6 5. Nc3 b5 6. a3 Bb7 7. Bd3 Nc6 8. Nf3 Be7 9. Be3 h6 10. Qd2 Nf6 11. h3 Qc7 12. Bf4 d6 13. e5 dxe5 14. Nxe5 Nxe5 15. Qe3 Bd6 16. O-O O-O 17. Rfe1 Qc6 18. Be4 Nxe4 19. Nxe4 Qxc2 20. Nxd6 Bd5 21. Bxe5 f6 22. Rac1 Qg6 23. Bg3 e5 24. Red1 Be6 25. Rd3 f5 26. Qxe5 f4 27. Rcc3 fxg3 28. Rxg3 Qf6 29. Qe2 Bc4 30. Qe1 Qxd6 31. Rce3 Qf6 32. Ref3 Qxb2 33. Rxf8+ Rxf8 34. Rf3 Rxf3 35. gxf3 Qxa3 36. Qe8+ Kh7 37. Qe4+ Kg8 38. Qe8+ Qf8 39. Qe4 a5 40. Kg2 a4 41. Qc6 a3 42. Qa6 a2 43. h4 Bd5 44. Kf1 Qxf3 45. Qc8+ Kh7 46. Qc2+ Qe4 47. Qb2 Qg2+ 48. Ke2 Bc4+ 49. Ke3 Qh3+ 50. Kd4 Qxh4+ 51. Kc5 Qe7+ 52. Kd4 Qd6+ 53. Kc3 Qe5+ 54. Kc2 Qe2+ 55. Kc3 Qe5+ 56. Kc2 Qxb2+ 57. Kxb2 h5 0-1

[Event "Junior Online 4NCL Division 4"]
[Site "online"]
[Date "2022.02.03"]
[EventDate "2022.02.03"]
[Round "2.16"]
[White "Koripalli, Pooja"]
[WhiteElo "881"]
[WhiteTeam "Watford C"]
[Black "Tomsett, Jonah"]
[BlackElo "1240"]
[BlackTeam "Robin Hoods 2"]
[Result "0-1"]
[PlyCount "64"]

1. e4 e5 2. Nc3 Nf6 3. Bc4 Nc6 4. Nf3 Bc5 5. d3 h6 6. Be3 Bxe3 7. fxe3 O-O 8. Qd2 a6 9. O-O-O d6 10. d4 exd4 11. exd4 b5 12. Bd5 Nxd5 13. exd5 Nb4 14. h4 c6 15. dxc6 Nxc6 16. g3 b4 17. Na4 Bd7 18. Rdg1 Ne7 19. g4 Bxa4 20. g5 h5 21. Rg4 hxg4 22. h5 Rc8 23. h6 gxh6 24. gxh6 Ng6 25. h7+ Kg7 26. Qh6+ Kf6 27. Qg5+ Ke6 28. d5+ Kd7 29. Qxg4+ Kc7 30. Qxb4 Bb5 31. Qa5+ Kb8 32. Qxa6 Bxa6 0-1

[Event "Junior Online 4NCL Division 4"]
[Site "online"]
[Date "2022.02.03"]
[EventDate "2022.02.03"]
[Round "2.18"]
[White "Balakrishnan, Akshata"]
[WhiteElo "792"]
[WhiteTeam "Watford C"]
[Black "Handa, Yash"]
[BlackElo "1099"]
[BlackTeam "Robin Hoods 2"]
[Result "0-1"]
[PlyCount "118"]

1. e4 e5 2. Nf3 Nc6 3. d4 exd4 4. Bc4 Be7 5. c3 dxc3 6. Qd5 Nh6 7. Bxh6 O-O 8. Bf4 cxb2 9. Qd1 bxa1=Q 10. O-O d6 11. Qe2 Qf6 12. Bg5 Qxg5 13. Nxg5 Bxg5 14. h3 Qe7 15. f4 Bf6 16. Nd2 Nd4 17. Qd3 b5 18. Bd5 Rb8 19. Re1 Ba6 20. e5 dxe5 21. fxe5 Bxe5 22. Re4 Bb7 23. Bxb7 Rxb7 24. Qe3 Nf5 25. Rxe5 Nxe3 26. Rxe7 Nf5 27. Re1 Rb6 28. Nf3 Re6 29. Rc1 Ng3 30. Rxc7 Ne2+ 31. Kf2 Nf4 32. Kg3 Nh5+ 33. Kh4 Rh6 34. Rxa7 Nf4+ 35. Kg4 Nxg2 36. Kg3 Rg6+ 37. Kf2 Nf4 38. Nh4 Nxh3+ 39. Ke3 Re6+ 40. Kf3 Ng5+ 41. Kg4 h6 42. Kf5 g6+ 43. Kg4 f5+ 44. Kf4 Re4+ 45. Kg3 Rd8 46. Ra3 b4 47. Rb3 f4+ 48. Kf2 Rd2+ 49. Kf1 Rxa2 50. Nxg6 Ra1+ 51. Kf2 Ra3 52. Rb2 Rf3+ 53. Kg2 Ree3 54. Rxb4 Rg3+ 55. Kf2 Nh3+ 56. Kf1 Rxg6 57. Rb8+ Kh7 58. Rb7+ Rg7 59. Rb4 Rg1# 0-1

[Event "Junior Online 4NCL Division 4"]
[Site "online"]
[Date "2022.02.03"]
[EventDate "2022.02.03"]
[Round "2.21"]
[White "Jiang, Aaron"]
[WhiteElo "986"]
[WhiteTeam "York Chessnuts Knights"]
[Black "Chavan, Aarav"]
[BlackElo "978"]
[BlackTeam "Chess Challengers F"]
[Result "1-0"]
[PlyCount "73"]

1. e4 e5 2. Nf3 Nc6 3. Nc3 Nf6 4. Bc4 Bc5 5. d3 Nd4 6. Nxe5 d6 7. Nxf7 Qe7 8. Nxh8 Qe5 9. O-O Ng4 10. Qxg4 Bxg4 11. Nf7 Ne2+ 12. Nxe2 Bxe2 13. Nxe5 dxe5 14. Re1 Bg4 15. Bg5 h6 16. Bh4 Bd4 17. c3 Bc5 18. Kh1 g5 19. Bg3 O-O-O 20. f3 Bd7 21. Bxe5 Re8 22. d4 Bxd4 23. cxd4 Rxe5 24. dxe5 Bh3 25. gxh3 g4 26. Rad1 b5 27. Be6+ Kb7 28. Bxg4 h5 29. Be6 h4 30. Rd7 Kc6 31. Rc1+ Kb6 32. Rdxc7 b4 33. Bd7 b3 34. a4 Ka6 35. Bb5+ Ka5 36. Rxa7+ Kb4 37. Rc4# 1-0

[Event "Junior Online 4NCL Division 4"]
[Site "online"]
[Date "2022.02.03"]
[EventDate "2022.02.03"]
[Round "2.22"]
[White "Kulkarni, Shreya"]
[WhiteElo "1000"]
[WhiteTeam "Chess Challengers F"]
[Black "Pirandola, Matteo"]
[BlackElo "900"]
[BlackTeam "York Chessnuts Knights"]
[Result "1-0"]
[PlyCount "117"]

1. e4 Nf6 2. Nc3 e5 3. Nf3 Nc6 4. Bc4 Bc5 5. O-O d6 6. Ng5 O-O 7. Qf3 Bg4 8. Qg3 h6 9. Nf3 Nh5 10. Qxg4 Nf4 11. d3 Ne6 12. Bxh6 Kh7 13. Bc1 Ncd4 14. Qh3+ Kg8 15. Nxd4 Bxd4 16. Ne2 Qf6 17. Nxd4 Nxd4 18. c3 Ne2+ 19. Kh1 g5 20. Bd2 Kg7 21. d4 Rh8 22. Qe3 Nf4 23. g3 Qh6 24. h4 Nh3 25. Kh2 Nf4 26. gxf4 Qxh4+ 27. Kg2 gxf4 28. Qd3 Rag8 29. Kf3 Qh5+ 30. Kg2 Kf8+ 31. Qg3 Rxg3+ 32. fxg3 Qh3+ 33. Kf3 Qxg3+ 34. Ke2 Rh2+ 35. Kd1 Qg2 36. Bc1 Qc2+ 37. Ke1 Qxe4+ 38. Kd1 exd4 39. Bxf4 Qc2+ 40. Ke1 d3 41. Bxd3 Qxd3 42. Bxh2 Qe4+ 43. Kd2 Qd5+ 44. Kc2 Qg2+ 45. Kc1 Qxf1+ 46. Kc2 Qxa1 47. Bf4 Qf1 48. Bg3 Qg2+ 49. Bf2 Qg3 50. Bxg3 f5 51. Bf2 Kf7 52. Bxa7 Kf6 53. Bb8 f4 54. Bxc7 Kf5 55. Bxd6 f3 56. Bc5 Kf4 57. Kd2 Kg3 58. Ke1 Kg2 59. a4 1-0

[Event "Junior Online 4NCL Division 4"]
[Site "online"]
[Date "2022.02.03"]
[EventDate "2022.02.03"]
[Round "2.23"]
[White "Taylor, Kai"]
[WhiteElo "936"]
[WhiteTeam "York Chessnuts Knights"]
[Black "Botnari, Sofia"]
[BlackElo "922"]
[BlackTeam "Chess Challengers F"]
[Result "1-0"]
[PlyCount "45"]

1. f4 e6 2. Nf3 Nc6 3. d3 Nf6 4. c3 Bc5 5. e4 e5 6. fxe5 Ng4 7. d4 Bb6 8. h3 Nh6 9. Be3 d5 10. exd5 Ne7 11. Bb5+ c6 12. dxc6 bxc6 13. Bc4 Nd5 14. Bg5 f6 15. exf6 gxf6 16. Bxh6 Kf7 17. Qc2 Re8+ 18. Be2 Ne3 19. Qxh7+ Ke6 20. Nbd2 Rh8 21. Qg7 Nf5 22. Bc4+ Kd6 23. Ne4# 1-0

[Event "Junior Online 4NCL Division 4"]
[Site "online"]
[Date "2022.02.03"]
[EventDate "2022.02.03"]
[Round "2.24"]
[White "Dixit, Atharva"]
[WhiteElo "950"]
[WhiteTeam "Chess Challengers F"]
[Black "Geng, Daniel"]
[BlackElo "900"]
[BlackTeam "York Chessnuts Knights"]
[Result "0-1"]
[PlyCount "148"]

1. e4 e5 2. Nf3 Nc6 3. Nc3 Nf6 4. Bc4 Bc5 5. O-O d6 6. d3 O-O 7. a3 Nd4 8. Nxd4 Bxd4 9. Nb5 Bg4 10. Qd2 Bb6 11. Qc3 a6 12. Be3 Bxe3 13. fxe3 axb5 14. Bxb5 c6 15. Bc4 b5 16. Bb3 c5 17. a4 Qa5 18. Qxa5 Rxa5 19. h3 Be6 20. Bxe6 fxe6 21. c3 Rxa4 22. Rxa4 bxa4 23. Ra1 Ra8 24. b4 cxb4 25. cxb4 Nd7 26. b5 Nc5 27. d4 exd4 28. exd4 Nxe4 29. b6 Rb8 30. Kh1 Rxb6 31. Rxa4 Rb1+ 32. Kh2 d5 33. Ra6 Kf7 34. g4 Rb2+ 35. Kh1 Rd2 36. Ra4 Nc3 37. Ra7+ Kg6 38. h4 Rxd4 39. h5+ Kf6 40. g5+ Kxg5 41. Rc7 Rd1+ 42. Kg2 Ne4 43. Rxg7+ Kxh5 44. Rxh7+ Kg6 45. Rh3 d4 46. Rh4 Kf5 47. Kf3 Ng5+ 48. Ke2 Rd2+ 49. Kxd2 Nf3+ 50. Kd3 Nxh4 51. Kxd4 e5+ 52. Ke3 Ng2+ 53. Kf3 Ne1+ 54. Ke3 e4 55. Kf2 Kf4 56. Kxe1 Ke3 57. Kf1 Kd2 58. Kf2 e3+ 59. Kf3 e2 60. Ke4 e1=Q+ 61. Kd4 Qg3 62. Kd5 Qe3 63. Kd6 Qe4 64. Kc5 Qd3 65. Kc6 Qd4 66. Kb5 Qc3 67. Kb6 Qc4 68. Kb7 Qc5 69. Ka8 Qb5 70. Ka7 Kd3 71. Ka8 Kd4 72. Ka7 Kd5 73. Ka8 Kc6 74. Ka7 Qb7# 0-1

[Event "Junior Online 4NCL Division 4"]
[Site "online"]
[Date "2022.02.03"]
[EventDate "2022.02.03"]
[Round "2.25"]
[White "Chavan, Aarav"]
[WhiteElo "978"]
[WhiteTeam "Chess Challengers F"]
[Black "Jiang, Aaron"]
[BlackElo "986"]
[BlackTeam "York Chessnuts Knights"]
[Result "0-1"]
[PlyCount "58"]

1. e4 e5 2. Nf3 Nc6 3. Bc4 Bc5 4. Nc3 Nf6 5. d3 O-O 6. Bg5 h6 7. Bxf6 Qxf6 8. Nd5 Qd8 9. O-O d6 10. Qd2 Bg4 11. Qe2 Bxf3 12. Qxf3 Nd4 13. Qd1 Kh8 14. c3 Ne6 15. b4 Bb6 16. Nxb6 axb6 17. Qg4 Ng5 18. h4 b5 19. Bxb5 Ne6 20. Bc4 Qf6 21. g3 Ra3 22. Bxe6 fxe6 23. Rfd1 Qxf2+ 24. Kh1 Rxc3 25. Rac1 Rxc1 26. Rxc1 Qe3 27. Rxc7 Rf1+ 28. Kh2 Qg1+ 29. Kh3 Qh1# 0-1

[Event "Junior Online 4NCL Division 4"]
[Site "online"]
[Date "2022.02.03"]
[EventDate "2022.02.03"]
[Round "2.26"]
[White "Pirandola, Matteo"]
[WhiteElo "900"]
[WhiteTeam "York Chessnuts Knights"]
[Black "Kulkarni, Shreya"]
[BlackElo "1000"]
[BlackTeam "Chess Challengers F"]
[Result "0-1"]
[PlyCount "92"]

1. d4 d5 2. Bf4 Nf6 3. Nf3 Bf5 4. e3 e6 5. Bd3 Bxd3 6. Qxd3 Nc6 7. c3 Qd7 8. Nbd2 O-O-O 9. O-O Bd6 10. Bxd6 Qxd6 11. b4 a6 12. a4 e5 13. Qb1 e4 14. Ng5 Ng4 15. g3 Rdf8 16. b5 f6 17. bxc6 Qxc6 18. Nh3 f5 19. c4 Qh6 20. Kg2 dxc4 21. Nxc4 Qh5 22. Qd1 Rf6 23. Rc1 Rh6 24. Rh1 Qxh3+ 25. Kg1 c5 26. Qf1 Qh5 27. h3 cxd4 28. Ne5+ Kb8 29. Nd7+ Ka7 30. Qc4 Rc6 31. Qxd4+ Ka8 32. Rxc6 bxc6 33. Nb6+ Kb7 34. a5 Kc7 35. Qd7+ Kb8 36. hxg4 Qxg4 37. Qd6+ Kb7 38. Qd7+ Kb8 39. Nc4 Rf8 40. Nd6 Qd1+ 41. Kh2 Qh5+ 42. Kg2 Qf3+ 43. Kg1 Qd1+ 44. Kh2 Qh5+ 45. Kg2 Qf3+ 46. Kh3 Qxh1# 0-1

[Event "Junior Online 4NCL Division 4"]
[Site "online"]
[Date "2022.02.03"]
[EventDate "2022.02.03"]
[Round "2.27"]
[White "Botnari, Sofia"]
[WhiteElo "922"]
[WhiteTeam "Chess Challengers F"]
[Black "Taylor, Kai"]
[BlackElo "936"]
[BlackTeam "York Chessnuts Knights"]
[Result "0-1"]
[PlyCount "64"]

1. e4 e5 2. Qh5 g6 3. Qxe5+ Be7 4. Qxh8 Kf8 5. d4 f6 6. Bh6+ Kf7 7. Qg7+ Ke6 8. d5+ Kd6 9. Bf4+ Kc5 10. Qxh7 g5 11. Be3+ Kd6 12. Qh3 Nc6 13. Qg3+ Ne5 14. f4 c6 15. fxg5 Kc7 16. gxf6 Bd6 17. dxc6 Nd3+ 18. cxd3 Bxg3+ 19. hxg3 Qxf6 20. Nh3 Qxb2 21. Bf4+ d6 22. cxb7 Bxb7 23. e5 Qxa1 24. exd6+ Kd7 25. d4 Qxb1+ 26. Kf2 Qxa2+ 27. Kg1 Nf6 28. Bb5+ Ke6 29. Ng5+ Kd5 30. Kh2 Kxd4 31. Rd1+ Kc5 32. Bd3 Qxg2# 0-1

[Event "Junior Online 4NCL Division 4"]
[Site "online"]
[Date "2022.02.03"]
[EventDate "2022.02.03"]
[Round "2.28"]
[White "Geng, Daniel"]
[WhiteElo "900"]
[WhiteTeam "York Chessnuts Knights"]
[Black "Dixit, Atharva"]
[BlackElo "950"]
[BlackTeam "Chess Challengers F"]
[Result "0-1"]
[PlyCount "30"]

1. e4 e5 2. Nf3 Nc6 3. Nc3 Nf6 4. d4 exd4 5. Nxd4 Nxd4 6. Qxd4 c5 7. Qd1 Qe7 8. Bd3 b6 9. Bg5 Bb7 10. Bxf6 Qxf6 11. O-O Qe6 12. Qe2 Bd6 13. Rfe1 Qe5 14. h3 Qh2+ 15. Kf1 Qh1# 0-1

[Event "Junior Online 4NCL Division 4"]
[Site "online"]
[Date "2022.02.03"]
[EventDate "2022.02.03"]
[Round "2.31"]
[White "He, Kingsley"]
[WhiteElo "945"]
[WhiteTeam "Colchester Juniors C"]
[Black "Nguyen, Khai-Tam"]
[BlackElo "1588"]
[BlackTeam "Hilsmark Juniors 1"]
[Result "0-1"]
[PlyCount "56"]

1. e4 e5 2. Nf3 Nc6 3. Bc4 Bc5 4. c3 d6 5. d3 h6 6. Nbd2 Nf6 7. O-O O-O 8. Qb3 a6 9. Rd1 Qe7 10. Nf1 b5 11. Bd5 Bb7 12. Bxc6 Bxc6 13. N1d2 d5 14. exd5 Bxd5 15. Qc2 Bxf3 16. Nxf3 Ng4 17. b4 Bb6 18. d4 exd4 19. Nxd4 c5 20. Nf5 Qe5 21. bxc5 Qxh2+ 22. Kf1 Qh1+ 23. Ke2 Rfe8+ 24. Kd2 Rad8+ 25. Nd4 Qxg2 26. cxb6 Qxf2+ 27. Kd3 Re3+ 28. Bxe3 Qxe3# 0-1

[Event "Junior Online 4NCL Division 4"]
[Site "online"]
[Date "2022.02.03"]
[EventDate "2022.02.03"]
[Round "2.32"]
[White "Lowe, Catherine"]
[WhiteElo "1265"]
[WhiteTeam "Hilsmark Juniors 1"]
[Black "Wilde, Grace"]
[BlackElo "746"]
[BlackTeam "Colchester Juniors C"]
[Result "0-1"]
[PlyCount "138"]

1. e4 e5 2. Nf3 Nc6 3. d4 exd4 4. Nxd4 Bc5 5. Nxc6 bxc6 6. Nc3 Ne7 7. Bc4 O-O 8. O-O d6 9. b3 Ng6 10. Qf3 Bd4 11. Bb2 Ne5 12. Qe2 Qf6 13. Bd3 Ng6 14. Rab1 Bxc3 15. Bxc3 Qxc3 16. Rfe1 Bb7 17. Bc4 Qe5 18. f3 Nf4 19. Qe3 Qc5 20. Qxc5 dxc5 21. b4 cxb4 22. Rxb4 Bc8 23. Rb2 Be6 24. Ba6 Rad8 25. Bb7 Rd2 26. Bxc6 Rxg2+ 27. Kh1 Bh3 28. Rg1 Rxg1+ 29. Kxg1 Ne2+ 30. Kf2 Nd4 31. Bd5 c6 32. Bc4 h6 33. c3 Ne6 34. Rb7 Ng5 35. Rxa7 Rb8 36. Kg3 Rb2 37. Bxf7+ Nxf7 38. Kxh3 Rc2 39. Ra8+ Kh7 40. Ra7 Ng5+ 41. Kg3 Rxc3 42. a4 Rxf3+ 43. Kg2 Re3 44. Re7 Ra3 45. Ra7 Nxe4 46. a5 Nc5 47. Ra8 Nb7 48. a6 Nc5 49. a7 Ne4 50. h4 g5 51. hxg5 hxg5 52. Kf1 Nc3 53. Ke1 Nb5 54. Kd1 Rxa7 55. Rxa7+ Nxa7 56. Ke2 c5 57. Ke3 c4 58. Ke2 c3 59. Ke1 Nb5 60. Ke2 Kg6 61. Ke3 Kf5 62. Ke2 Kf4 63. Ke1 g4 64. Ke2 g3 65. Ke1 g2 66. Kf2 c2 67. Kxg2 c1=Q 68. Kh2 Kf3 69. Kh3 Qh6# 0-1

[Event "Junior Online 4NCL Division 4"]
[Site "online"]
[Date "2022.02.03"]
[EventDate "2022.02.03"]
[Round "2.33"]
[White "Ren, Jason"]
[WhiteElo "680"]
[WhiteTeam "Colchester Juniors C"]
[Black "Tam, Brian"]
[BlackElo "1348"]
[BlackTeam "Hilsmark Juniors 1"]
[Result "0-1"]
[PlyCount "164"]

1. e4 e5 2. Nf3 Nc6 3. Bc4 Bc5  4. O-O Nf6 5. Nc3 O-O 6. d3 Nd4 7. Nxd4 Bxd4 8. Bd2 d6 9. Re1 Bg4 10. Qc1 h6 11. Bxh6 gxh6 12. Qxh6 Nh7 13. h3 Bd7 14. Rab1 Qg5 15. Qxg5+ Nxg5 16. Nd5 c6 17. Nf6+ Kg7 18. Nxd7 Rfd8 19. Nxe5 Bxe5 20. Rf1 a5 21. f4 Bxf4 22. Rxf4 b5 23. Rg4 f6 24. Be6 Kh6 25. Bf5 d5 26. Rh4+ Kg7 27. Rg4 dxe4 28. h4 exd3 29. Bxd3 Rd5 30. hxg5 fxg5 31. Be4 Rc5 32. c3 Re8 33. Bf3 Kf6 34. Rd1 Kf5 35. Rf1 Kg6 36. Be4+ Kh5 37. Bf3 Kg6 38. Rd1 Kf5 39. Rgd4 Ree5 40. Bg4+ Kf6 41. Rd6+ Kf7 42. Rd7+ Re7 43. Rf1+ Ke8 44. Rxe7+ Kxe7 45. Re1+ Kd6 46. Re6+ Kd5 47. Re7 Kc4 48. Ra7 a4 49. b4 axb3 50. axb3+ Kxb3 51. Ra1 Kxc3 52. Rc1+ Kb4 53. Rb1+ Ka5 54. Be6 b4 55. Ra1+ Kb5 56. Rb1 Rc3 57. Bd7 b3 58. Kf2 Kb4 59. Ke2 Ka3 60. Kd2 Rc2+ 61. Kd1 Ka2 62. Bf5 Rxg2 63. Ra1+ Kxa1 64. Kc1 b2+ 65. Kd1 b1=Q+ 66. Bxb1 Kxb1 67. Ke1 c5 68. Kf1 { White offers draw } 68... c4 69. Kxg2 c3 70. Kf2 c2 71. Ke1 c1=Q+ 72. Ke2 Qf4 73. Kd1 Kb2 74. Ke2 Qd4 75. Kf3 Kc2 76. Ke2 Qd3+ 77. Ke1 Qd2+ 78. Kf1 g4 79. Kg1 Qe2 80. Kh1 g3 81. Kg1 Qf2+ 82. Kh1 Qh2# 0-1

[Event "Junior Online 4NCL Division 4"]
[Site "online"]
[Date "2022.02.03"]
[EventDate "2022.02.03"]
[Round "2.34"]
[White "Knott, Harry"]
[WhiteElo "1258"]
[WhiteTeam "Hilsmark Juniors 1"]
[Black "Zurek, Gabriel"]
[BlackElo "480"]
[BlackTeam "Colchester Juniors C"]
[Result "1-0"]
[PlyCount "69"]

1. e4 e5 2. Nc3 Nc6 3. Nf3 Nf6 4. Bc4 Bc5 5. b3 O-O 6. Bb2 d6 7. Qe2 Bg4 8. h3 Bxf3 9. Qxf3 Re8 10. O-O-O Nb4 11. Ba3 Qe7 12. Nd5 Nfxd5 13. exd5 Nxa2+ 14. Kb2 Nb4 15. Bxb4 Bxb4 16. Bd3 Qd7 17. Qe4 Re6 18. Qxh7+ Kf8 19. Qh8+ Ke7 20. Qxa8 Rf6 21. Qxb7 Bc5 22. g4 Rxf2 23. Bf5 Bd4+ 24. c3 Bc5 25. Bxd7 Kxd7 26. Qc6+ Ke7 27. Qxc7+ Kf6 28. Rhf1 Rxf1 29. Rxf1+ Kg5 30. Qxf7 g6 31. Qf6+ Kh6 32. g5+ Kh7 33. Qf7+ Kh8 34. Qxg6 a5 35. Rf8# 1-0

[Event "Junior Online 4NCL Division 4"]
[Site "online"]
[Date "2022.02.03"]
[EventDate "2022.02.03"]
[Round "2.35"]
[White "Nguyen, Khai-Tam"]
[WhiteElo "1588"]
[WhiteTeam "Hilsmark Juniors 1"]
[Black "He, Kingsley"]
[BlackElo "945"]
[BlackTeam "Colchester Juniors C"]
[Result "1-0"]
[PlyCount "53"]

1. e4 c6 2. d4 d5 3. e5 f6 4. a3 fxe5 5. dxe5 g6 6. Nf3 Bg7 7. Be3 e6 8. Bd4 Nd7 9. c4 Qc7 10. c5 Bxe5 11. Nxe5 Nxe5 12. Bd3 Nf6 13. O-O O-O 14. Qd2 Neg4 15. f4 Ne4 16. Bxe4 dxe4 17. Qe2 Rxf4 18. Rd1 Rf2 19. Qxg4 e5 20. Qh4 Rxb2 21. Bxb2 Bf5 22. Nc3 b6 23. Nxe4 Bxe4 24. Qxe4 bxc5 25. Bxe5 Qe7 26. Qc4+ Kf8 27. Bd6 1-0

[Event "Junior Online 4NCL Division 4"]
[Site "online"]
[Date "2022.02.03"]
[EventDate "2022.02.03"]
[Round "2.36"]
[White "Wilde, Grace"]
[WhiteElo "746"]
[WhiteTeam "Colchester Juniors C"]
[Black "Lowe, Catherine"]
[BlackElo "1265"]
[BlackTeam "Hilsmark Juniors 1"]
[Result "0-1"]
[PlyCount "92"]

1. e4 c5 2. Nf3 d6 3. d4 cxd4 4. Nxd4 Bd7 5. g3 Nc6 6. Nxc6 Bxc6 7. Bg2 Nf6 8. Nc3 Qc7 9. Be3 g6 10. Bd4 Bg7 11. Bxf6 Bxf6 12. Nd5 Bxd5 13. exd5 Bxb2 14. Rb1 Qa5+ 15. Kf1 Qa6+ 16. Ke1 Bc3+ 17. Qd2 Bxd2+ 18. Kxd2 O-O 19. Rhe1 Rfe8 20. Rb2 b6 21. Kc1 Rab8 22. Kb1 e6 23. dxe6 Rxe6 24. Rxe6 fxe6 25. Rb3 b5 26. Re3 d5 27. Bh3 Re8 28. Kb2 e5 29. Rb3 Qa5 30. Bd7 Re7 31. Bxb5 Rb7 32. Bc6 Rxb3+ 33. cxb3 Qd2+ 34. Ka3 Qxf2 35. Bxd5+ Kg7 36. g4 Qxh2 37. Kb4 Qf4+ 38. Bc4 Qxg4 39. Kb5 h5 40. Ka6 h4 41. Kxa7 h3 42. Bd5 h2 43. b4 Qd7+ 44. Bb7 h1=Q 45. Ka6 Qhxb7+ 46. Ka5 Qbb5# 0-1

[Event "Junior Online 4NCL Division 4"]
[Site "online"]
[Date "2022.02.03"]
[EventDate "2022.02.03"]
[Round "2.37"]
[White "Tam, Brian"]
[WhiteElo "1348"]
[WhiteTeam "Hilsmark Juniors 1"]
[Black "Ren, Jason"]
[BlackElo "680"]
[BlackTeam "Colchester Juniors C"]
[Result "1/2-1/2"]
[PlyCount "139"]

1. d4 e5 2. dxe5 Bc5 3. Nf3 d6 4. exd6 Ne7 5. e3 cxd6 6. Nc3 Nbc6 7. Bb5 O-O 8. O-O a6 9. Ba4 b5 10. Bb3 Bb7 11. a4 Qb6 12. Bd2 Rfe8 13. Re1 b4 14. Ne2 a5 15. Ng3 Ng6 16. Ng5 Re7 17. Nf5 Rd7 18. Qh5 h6 19. Nf3 Nce5 20. Nxe5 dxe5 21. h3 Rxd2 22. Rad1 Qc6 23. e4 Rxd1 24. Rxd1 Qxe4 25. Qg4 Qxg4 26. hxg4 Be4 27. Rd7 Bxf5 28. gxf5 Nf8 29. Bxf7+ Kh8 30. Rd5 Ra7 31. Be6 Nxe6 32. fxe6 Bd4 33. b3 Re7 34. Rd6 Bc5 35. Rd5 Bd4 36. Rd6 Kh7 37. Kf1 Kg6 38. f4 Kf6 39. fxe5+ Bxe5 40. Ra6 Rxe6 41. Rxa5 Rc6 42. Rb5 Rxc2 43. Rxb4 Ra2 44. Rb6+ Ke7 45. Rb7+ Kf6 46. Rb6+ Kg5 47. Rb5 Kf4 48. g3+ Ke4 49. Rb4+ Bd4 50. Ke1 Ke3 51. Kf1 Kf3 52. Ke1 Bc3+ 53. Kd1 Bxb4 54. g4 Kxg4 55. a5 Rxa5 56. Kc2 h5 57. Kd3 h4 58. Kc4 Bd6 59. b4 Bxb4 60. Kxb4 Rf5 61. Kc4 Rf8 62. Kd5 h3 63. Ke4 h2 64. Ke3 Rf3+ 65. Ke4 h1=Q 66. Ke5 Rf5+ 67. Kd4 Qf3 68. Kc4 Qe3 69. Kb4 Qd3 70. Ka4 Qc3  1/2-1/2

[Event "Junior Online 4NCL Division 4"]
[Site "online"]
[Date "2022.02.03"]
[EventDate "2022.02.03"]
[Round "2.41"]
[White "Beynon, Freddie"]
[WhiteElo "1235"]
[WhiteTeam "Hilsmark Juniors 2"]
[Black "Pan, Ailun"]
[BlackElo "1220"]
[BlackTeam "London Dragons Dysprosium"]
[Result "0-1"]
[PlyCount "80"]

1. d4 d5 2. Bf4 Nf6 3. Nc3 Bf5 4. e4 dxe4 5. f3 e3 6. Bxe3 Nc6 7. f4 e6 8. Nf3 Bb4 9. a3 Bxc3+ 10. bxc3 O-O 11. Bb5 Qd7 12. a4 a6 13. Bc4 Ne4 14. Bb3 Nxc3 15. Qd2 Ne4 16. Qe2 Rad8 17. c3 Nxc3 18. Qc2 Ne4 19. Qa2 Na5 20. O-O Nxb3 21. Qxb3 Bg4 22. Rac1 b6 23. Qd3 Bxf3 24. gxf3 Nc5 25. dxc5 Qxd3 26. cxb6 Qxe3+ 27. Rf2 Qxc1+ 28. Kg2 cxb6 29. h3 b5 30. axb5 axb5 31. h4 b4 32. h5 b3 33. f5 exf5 34. f4 b2 35. Re2 b1=Q 36. Re1 Qxe1 37. h6 gxh6 38. Kh3 Qf1+ 39. Kg3 Rd3+ 40. Kh4 Qh1# 0-1

[Event "Junior Online 4NCL Division 4"]
[Site "online"]
[Date "2022.02.03"]
[EventDate "2022.02.03"]
[Round "2.42"]
[White "Tao, Lucas"]
[WhiteElo "1200"]
[WhiteTeam "London Dragons Dysprosium"]
[Black "Buckley, Jude"]
[BlackElo "1000"]
[BlackTeam "Hilsmark Juniors 2"]
[Result "1-0"]
[PlyCount "59"]

1. e4 e5 2. Nf3 Nc6 3. d4 Nf6 4. dxe5 Nxe4 5. Bd3 f5 6. Nbd2 Bc5 7. Nxe4 fxe4 8. Bxe4 O-O 9. Qe2 Nd4 10. Be3 Nxe2 11. Bxc5 b6 12. Bxf8 Qxf8 13. Kxe2 a5 14. Bxa8 Ba6+ 15. Kd2 Qxa8 16. Kc3 Qc6+ 17. Kd2 Qb5 18. Rhe1 Qd5+ 19. Kc3 c5 20. Rad1 Qc6 21. Rd6 Qc7 22. Red1 b5 23. Rxa6 b4+ 24. Kc4 h5 25. e6 dxe6 26. Rxe6 Qf7 27. Ng5 Qf5 28. Rd8+ Qf8 29. Ree8 Qxe8 30. Rxe8# 1-0

[Event "Junior Online 4NCL Division 4"]
[Site "online"]
[Date "2022.02.03"]
[EventDate "2022.02.03"]
[Round "2.43"]
[White "Greenlees, Noah"]
[WhiteElo "1000"]
[WhiteTeam "Hilsmark Juniors 2"]
[Black "Song, Ruien"]
[BlackElo "1230"]
[BlackTeam "London Dragons Dysprosium"]
[Result "0-1"]
[PlyCount "110"]

1. e4 e5 2. Bc4 Bc5 3. Nc3 Nf6 4. d4 Bxd4 5. Nd5 Nxe4 6. c3 Nxf2 7. Qh5 g6 8. Qe2 Nxh1 9. cxd4 Qh4+ 10. g3 Qxd4 11. Nxc7+ Kd8 12. Nxa8 Qxg1+ 13. Kd2 Qd4+ 14. Bd3 Qb4+ 15. Ke3 Qd4+ 16. Kf3 Nf2 17. Qxf2 Qxd3+ 18. Qe3 Qxe3+ 19. Kxe3 Nc6 20. Kd2 b6 21. Ke1 Bb7 22. Bg5+ Kc8 23. Bf6 Re8 24. Rc1 Bxa8 25. Rd1 e4 26. Rd4 Nxd4 27. Bxd4 e3 28. Ke2 Bf3+ 29. Kxf3 e2 30. Bc3 e1=Q 31. Bxe1 Rxe1 32. a4 Ra1 33. b3 Rb1 34. h4 Rxb3+ 35. Kg4 b5 36. h5 bxa4 37. hxg6 a3 38. gxh7 Rb4+ 39. Kh5 Rb5+ 40. Kh6 Rb6+ 41. Kg7 Rg6+ 42. Kf8 Rh6 43. Kg7 Rxh7+ 44. Kxh7 a2 45. g4 a1=Q 46. g5 Qh1+ 47. Kg8 Qh5 48. Kf8 Qxg5 49. Kxf7 a5 50. Ke8 a4 51. Kf7 a3 52. Kf8 a2 53. Kf7 a1=Q 54. Ke8 Qh8+ 55. Kf7 Qgf6# 0-1

[Event "Junior Online 4NCL Division 4"]
[Site "online"]
[Date "2022.02.03"]
[EventDate "2022.02.03"]
[Round "2.44"]
[White "Bogerd, Ethan"]
[WhiteElo "1153"]
[WhiteTeam "London Dragons Dysprosium"]
[Black "Pal, Rishit"]
[BlackElo "647"]
[BlackTeam "Hilsmark Juniors 2"]
[Result "0-1"]
[PlyCount "74"]

1. d4 d5 2. Nf3 Nc6 3. Bf4 Nf6 4. Nbd2 Bf5 5. c3 e6 6. e3 Be7 7. Be2 O-O 8. O-O Bd6 9. Ne5 Nxe5 10. dxe5 Bxe5 11. Bxe5 c5 12. Bxf6 Qxf6 13. Rc1 b6 14. Bb5 e5 15. Re1 d4 16. cxd4 cxd4 17. exd4 exd4 18. Nf3 a6 19. Bc6 Rad8 20. b4 Qg6 21. Nh4 Qg5 22. Nxf5 Qxf5 23. Be4 Qb5 24. a3 a5 25. bxa5 bxa5 26. a4 Qb4 27. Qh5 g6 28. Qd1 Qd6 29. Rc6 Qd7 30. Rc1 d3 31. Re3 d2 32. Rcc3 Rde8 33. Bc6 Rxe3 34. Bxd7 Rxc3 35. Qxd2 Ra3 36. Qxa5 Ra1+ 37. Qe1 Rxe1# 0-1

[Event "Junior Online 4NCL Division 4"]
[Site "online"]
[Date "2022.02.03"]
[EventDate "2022.02.03"]
[Round "2.45"]
[White "Pan, Ailun"]
[WhiteElo "1220"]
[WhiteTeam "London Dragons Dysprosium"]
[Black "Beynon, Freddie"]
[BlackElo "1235"]
[BlackTeam "Hilsmark Juniors 2"]
[Result "1-0"]
[PlyCount "83"]

1. e4 d5 2. exd5 Qxd5 3. d4 Qd8 4. Nc3 Bf5 5. Nf3 g6 6. d5 e6 7. Bb5+ c6 8. dxc6 bxc6 9. Qxd8+ Kxd8 10. Bd3 Ke8 11. O-O Nd7 12. Nd4 c5 13. Nxf5 exf5 14. Re1+ Ne7 15. Nd5 Kd8 16. Bg5 Kc8 17. Bxe7 Bxe7 18. Nxe7+ Kd8 19. Bb5 Rb8 20. Nc6+ Kc8 21. Nxb8 Nxb8 22. Re7 Rd8 23. Rxf7 Rd2 24. Ba4 Kd8 25. Rxh7 g5 26. Rxa7 f4 27. Ra5 Rd5 28. c4 Rf5 29. Rd1+ Ke7 30. Ra7+ Kf6 31. Rd6+ Ke5 32. Rd5+ Ke4 33. f3+ Ke3 34. Rxf5 Nd7 35. Rxd7 Ke2 36. Rxc5 Ke1 37. Rxg5 Ke2 38. c5 Ke3 39. c6 Ke2 40. c7 Ke1 41. c8=Q Ke2 42. Qe8# 1-0